Je veux tes yeux - Angèle (paroles) - Statistiques

Statistiques générales
  • Ce quiz a été pris 197 fois
  • Le résultat moyen est 195 sur 238
Statistiques - réponses
Paroles % Correct
Je
100%
je
100%
tes
100%
veux
100%
yeux
100%
beaux
98%
en
98%
Que
98%
que
98%
se
97%
de
96%
les
96%
photo
96%
deux
95%
Seulement
94%
ta
91%
peau
85%
Sans
84%
mais
83%
Mais
83%
à
82%
a
82%
sentir
82%
pas
81%
moi
80%
tu
77%
J'ai
70%
j'ai
70%
Connecté
68%
ligne,
68%
me
68%
si
68%
ton
68%
ce
66%
il
65%
J'attends
65%
j'attends,
65%
j'attends
65%
vu
64%
vu,
64%
j'crois
63%
Alors
62%
ça
62%
réponds
62%
toujours
62%
penses
61%
qu'y
61%
t'as
61%
ne
60%
signe,
59%
son
58%
Un
58%
toi,
54%
Et
53%
tout
53%
on
52%
sais
52%
trop
52%
suite,
51%
sonne,
50%
Faudrait
49%
Peut-être
49%
peut-être
49%
peut-être,
49%
Qu'enfin
49%
jour
48%
d'histoires
47%
espoir
47%
préfère
46%
l'illusion
45%
m'apprendra
45%
m'oublies,
45%
tremble
45%
j'en
44%
déjà
43%
t'avoir,
43%
t'inventes
43%
verra
43%
mens,
41%
latent
40%
nos
38%
Car
36%
Folle
36%
rougir
36%
comment
35%
Ok,
35%
premiers
35%
soupirs
35%
Devant
34%
saurais
30%
m'enfuir
28%
pourrais
28%
serais,
26%
t'dire
12%
Aucun quiz correspondant
Distribution des résultats
% des personnes avec chaque résultat
Percentile par nombre de réponses
Votre historique - résultats
Vous n’avez pas pris ce quiz